000 00595nam a22001697a 4500
003 NUST
038 _aZafar Iqbal Malik
082 _a200
100 _aHassan, Sadia
_9121946
245 _aBifunctional and Synergic Surface Modification of Biomedical Implants for Improved Biocompatibility/
_cSadia Hassan,
264 _aIslamabad
_bSMME NUST
_c2023
300 _a219, p.
_c35 cm.
650 _aPhD- Biomedical Engineering and Sciences
_9123333
700 _aSupervisor: Dr. Murtaza Najabat Ali
_9119580
856 _u http://10.250.8.41:8080/xmlui/handle/123456789/43911
942 _2ddc
_cSC
999 _c612729
_d612729